Elektra (Record no. 9549)
[ view plain ]
| 000 -CABECERA | |
|---|---|
| campo de control de longitud fija | 00639nam a2200229 a 4500 |
| 001 - NÚMERO DE CONTROL | |
| campo de control | BRL_737 |
| 005 - FECHA Y HORA DE LA ÚLTIMA TRANSACCIÓN | |
| campo de control | 20190320210856.0 |
| 008 - DATOS DE LONGITUD FIJA--INFORMACIÓN GENERAL | |
| campo de control de longitud fija | 300913s1908----gw-#######---#000-0#ger-# |
| 041 ## - CÓDIGO DE LENGUA | |
| Código de lengua del texto/banda sonora o título independiente | ger |
| 044 ## - CÓDIGO DEL PAÍS DE LA ENTIDAD EDITORA/PRODUCTORA | |
| Código MARC del país | gw |
| 050 #4 - SIGNATURA TOPOGRÁFICA DE LA BIBLIOTECA DEL CONGRESO | |
| Número de clasificación | ML50.S918 |
| Número de documento/Ítem | .S77 1908 |
| 100 1# - ENTRADA PRINCIPAL--NOMBRE DE PERSONA | |
| Nombre de persona | Strauss, Richard |
| 9 (RLIN) | 24792 |
| 245 10 - MENCIÓN DE TÍTULO | |
| Título | Elektra |
| Mención de responsabilidad, etc. | tragödie in einem aufzuge von Hugo von Hofmannsthal, Musik von Richard Strauss. |
| 260 ## - PUBLICACIÓN, DISTRIBUCIÓN, ETC. | |
| Lugar de publicación, distribución, etc. | Londres |
| Nombre del editor, distribuidor, etc. | Adolph Fürstner |
| Fecha de publicación, distribución, etc. | 1908 |
| 300 ## - DESCRIPCIÓN FÍSICA | |
| Extensión | 74 p. |
| Dimensiones | 18 cm. |
| 500 ## - NOTA GENERAL | |
| Nota general | Au817 |
| 650 14 - PUNTO DE ACCESO ADICIONAL DE MATERIA--TÉRMINO DE MATERIA | |
| Término de materia o nombre geográfico como elemento de entrada | Música |
| Subdivisión de forma | Opera |
| 9 (RLIN) | 24734 |
| 650 14 - PUNTO DE ACCESO ADICIONAL DE MATERIA--TÉRMINO DE MATERIA | |
| Término de materia o nombre geográfico como elemento de entrada | Opera |
| Subdivisión de forma | Libretos |
| 9 (RLIN) | 24793 |
| 700 1# - PUNTO DE ACCESO ADICIONAL--NOMBRE DE PERSONA | |
| Nombre de persona | Hofmannsthal, Hugo |
| 9 (RLIN) | 24794 |
| 902 ## - CATALOGADOR | |
| Iniciales | GRL |
| 942 ## - ELEMENTOS DE PUNTO DE ACCESO ADICIONAL (KOHA) | |
| Fuente del sistema de clasificación o colocación | Library of Congress Classification |
| Tipo de ítem Koha | Libros |
| Estado de retiro | Estado de pérdida | Estado dañado | No para préstamo | Localización permanente | Ubicación/localización actual | Fecha de adquisición | Número de inventario | Total de préstamos | Signatura topográfica completa | Código de barras | Fecha visto por última vez | Precio válido a partir de | Tipo de ítem Koha |
|---|---|---|---|---|---|---|---|---|---|---|---|---|---|
| El ejemplar forma parte de la colección y puede ser consultado según las políticas vigentes. | Biblioteca Centro de Estudios Ruth D. Lechuga | Biblioteca Centro de Estudios Ruth D. Lechuga | 30/09/2013 | Au817 | ML50.S918 .S77 1908 (Au817) | GRL02169 | 22/03/2019 | 22/03/2019 | Libros |